[Event "NOR-chT Club"]
[Site "Drammen"]
[Date "2024.05.09"]
[Round "1.4"]
[White "Aure, Anders Nilsson"]
[Black "Wallace, John Paul"]
[Result "0-1"]
[WhiteElo "1962"]
[BlackElo "2367"]
[PlyCount "107"]
[EventDate "2024.05.09"]
[EventType "team-swiss"]
[EventRounds "6"]
[EventCountry "NOR"]
[SourceTitle "CBM 220 Extra"]
[Source "ChessBase"]
[SourceDate "2024.07.31"]
[SourceVersion "1"]
[SourceVersionDate "2024.07.31"]
[SourceQuality "1"]
[WhiteTeam "Konnerud Tempo II"]
[BlackTeam "Oslo SK 1911"]
[WhiteTeamCountry "NOR"]
[BlackTeamCountry "NOR"]

1. c4 b6 2. d4 Bb7 3. Nc3 e6 4. a3 Nf6 5. Bg5 h6 6. Bh4 d6 7. Nf3 Nbd7 8. Bg3 Nh5 9. e3 g6 10. Be2 Bg7 11. 0-0 Nxg3 12. hxg3 h5 13. Nh2 0-0 14. Bf3 c6 15. b4 a6 16. Rc1 Qc7 17. Qb3 Rab8 18. Rfd1 Rfc8 19. a4 a5 20. b5 Nf6 21. bxc6 Bxc6 22. Bxc6 Qxc6 23. Nb5 Re8 24. Qa3 Bf8 25. Qb2 e5 26. Nf3 Ng4 27. Nh2 Nh6 28. Nf3 e4 29. Nd2 Ng4 30. Nb3 Qc8 31. Qe2 Rd8 32. f3 Nf6 33. Nd2 Re8 34. Nxe4 Nxe4 35. fxe4 Rxe4 36. Nc3 Rg4 37. Qf3 Bg7 38. Nd5 Qd8 39. Rf1 f5 40. Nf4 Qe8 41. Qd5+ Kh7 42. Rf3 Bf8 43. Qb5 Qc8 44. Qd5 Qe8 45. Qb5 Qe7 46. Qd5 Bh6 47. Qe6 Qxe6 48. Nxe6 Re4 49. Nf4 Rbe8 50. Rb1 Rxe3 51. Rxe3 Rxe3 52. Rxb6 Rxg3 53. Rxd6 Bxf4 54. Rb6 0-1

[Event "Konnerud NGP"]
[Site "Konnerud"]
[Date "2019.11.24"]
[Round "5"]
[White "Gonzalez, Francisco Silva"]
[Black "Aure, Anders Nilsson"]
[Result "1/2-1/2"]
[WhiteElo "2083"]
[BlackElo "1770"]
[PlyCount "104"]
[EventDate "2019.11.23"]
[EventType "swiss"]
[EventRounds "5"]
[EventCountry "NOR"]
[SourceTitle "EXT 2024"]
[Source "ChessBase"]
[SourceDate "2023.10.10"]
[SourceVersion "1"]
[SourceVersionDate "2023.10.10"]
[SourceQuality "1"]

1. h3 c5 2. b3 Nc6 3. Bb2 d5 4. g3 Nf6 5. Bg2 e5 6. e3 Bd6 7. Na3 a6 8. c4 d4 9. e4 0-0 10. d3 Ne8 11. Nf3 f5 12. exf5 Bxf5 13. Nh4 Qf6 14. 0-0 Bd7 15. Qh5 g6 16. Qh6 Qg7 17. Bc1 Nf6 18. Bg5 Rfe8 19. Rad1 Rab8 20. Nb1 Ne7 21. Nd2 Qxh6 22. Bxh6 Nf5 23. Bg5 Nxh4 24. Bxf6 Nxg2 25. Ne4 Re6 26. Nxd6 Rxf6 27. Ne4 Rf7 28. Kxg2 Bc6 29. Rde1 Re8 30. Kg1 Bxe4 31. Rxe4 Rf3 32. Rd1 Kf7 33. Kg2 Rf6 34. Rde1 Rfe6 35. a3 b5 36. R1e2 Kf6 37. f3 bxc4 38. bxc4 Rb8 39. f4 Rb3 40. Rxe5 Rxe5 41. Rxe5 Rxd3 42. Rxc5 Rxa3 43. Rd5 d3 44. g4 Rc3 45. Ra5 d2 46. Rd5 Rxc4 47. Rxd2 Rxf4 48. Rd6+ Kg5 49. Rxa6 Rb4 50. Ra7 h5 51. gxh5 Kxh5 52. Ra3 Rf4 1/2-1/2

[Event "Konnerud Autumn"]
[Site "Konnerud"]
[Date "2017.10.11"]
[Round "4"]
[White "Aure, Anders Nilsson"]
[Black "Taksrud, Vidar"]
[Result "0-1"]
[WhiteElo "1803"]
[BlackElo "1983"]
[PlyCount "80"]
[EventDate "2017.09.20"]
[EventType "swiss"]
[EventRounds "9"]
[EventCountry "NOR"]
[SourceTitle "EXT 2024"]
[Source "ChessBase"]
[SourceDate "2023.10.10"]
[SourceVersion "1"]
[SourceVersionDate "2023.10.10"]
[SourceQuality "1"]

1. c4 e6 2. Nc3 d5 3. d4 Nf6 4. cxd5 exd5 5. Bg5 c6 6. e3 Bd6 7. Bd3 0-0 8. Qc2 h6 9. Bh4 Nbd7 10. Nf3 Re8 11. 0-0 Qc7 12. Bg3 Bxg3 13. hxg3 Qd6 14. Rab1 b6 15. b4 Bb7 16. Rfc1 Rac8 17. Nh4 Qf8 18. a4 Ba8 19. Ba6 Rcd8 20. Bd3 g6 21. a5 Qg7 22. Na4 Ne4 23. b5 c5 24. dxc5 Ndxc5 25. axb6 Nxa4 26. Qxa4 axb6 27. Qb4 d4 28. Bxe4 Bxe4 29. Rb3 Bd5 30. Rd3 dxe3 31. Rxe3 Rxe3 32. fxe3 Qe5 33. Kf2 Be4 34. Nf3 Bxf3 35. gxf3 Qe6 36. Kg2 Qxe3 37. Rc2 Rd1 38. Qc3 Rg1+ 39. Kh2 Qxc3 40. Rxc3 Rb1 0-1

[Event "Oslo op"]
[Site "Fornebu"]
[Date "2017.10.03"]
[Round "6"]
[White "Aure, Anders Nilsson"]
[Black "Tunsjo, Axel"]
[Result "1/2-1/2"]
[WhiteElo "1803"]
[BlackElo "1519"]
[PlyCount "87"]
[EventDate "2017.09.29"]
[EventType "swiss"]
[EventRounds "10"]
[EventCountry "NOR"]
[SourceTitle "CBM 181 Extra"]
[Source "ChessBase"]
[SourceDate "2017.12.12"]
[SourceVersion "1"]
[SourceVersionDate "2017.12.12"]
[SourceQuality "1"]

1. e4 c5 2. b3 Nc6 3. Bb2 e6 4. Nf3 a6 5. Be2 d6 6. 0-0 Nf6 7. d3 Be7 8. Nbd2 0-0 9. h3 d5 10. Nh2 Qc7 11. f4 dxe4 12. Nxe4 Nd5 13. Qd2 f5 14. c4 Nf6 15. Nxf6+ Bxf6 16. Bxf6 Rxf6 17. Nf3 b6 18. d4 cxd4 19. Nxd4 Bb7 20. Nxc6 Bxc6 21. Rad1 Rg6 22. Bf3 Qb7 23. Bxc6 Qxc6 24. Kh2 h6 25. Rf3 b5 26. cxb5 axb5 27. Rd3 Kh7 28. Rg3 Rxg3 29. Kxg3 Qe4 30. Re1 Rxa2 31. Rxe4 Rxd2 32. Re3 Rd6 33. Kf3 Kg6 34. Ke2 Kf6 35. Re5 Rd5 36. Re3 g5 37. Kf3 h5 38. fxg5+ Kxg5 39. Rxe6 Rd3+ 40. Re3 Rd4 41. Re5 Rd3+ 42. Re3 Rd4 43. Re5 Rd3+ 44. Re3 1/2-1/2